[Event "9th Sunway Sitges 2022"]
[Site "Sitges ESP"]
[Date "2022.12.14"]
[Round "3.28"]
[White "Jubin, Jimmy"]
[Black "Cheparinov, Ivan"]
[Result "1/2-1/2"]
[WhiteTitle "FM"]
[BlackTitle "GM"]
[WhiteElo "2376"]
[BlackElo "2688"]
[WhiteFideId "46686614"]
[BlackFideId "2905540"]
[EventDate "2022.12.12"]

1. d4 Nf6 2. c4 e6 3. g3 d5 4. Bg2 dxc4 5. Nf3 a6 6. O-O Nc6 7. Nbd2 b5 8. b3 c3
9. Nb1 b4 10. a3 Rb8 11. axb4 Bxb4 12. Qd3 e5 13. Nxc3 exd4 14. Ne4 O-O 15. Nfg5
Bf5 16. Qf3 Bxe4 17. Nxe4 Nxe4 18. Qxe4 Rb6 19. Bf4 Bc3 20. Ra4 Na5 21. Qe5 Nxb3
22. Qxc7 Qf6 23. Bd5 a5 24. h4 Rb5 25. Bc4 Rc5 26. Qd6 Qxd6 27. Bxd6 Rd8 28.
Bxc5 Nxc5 29. Ra2 Rb8 30. Rc1 Kf8 31. e3 a4 32. exd4 1/2-1/2

[Event "9th Sunway Sitges 2022"]
[Site "Sitges ESP"]
[Date "2022.12.14"]
[Round "3.29"]
[White "Moussard, Jules"]
[Black "Injac, Teodora"]
[Result "1/2-1/2"]
[WhiteTitle "GM"]
[BlackTitle "WGM"]
[WhiteElo "2684"]
[BlackElo "2365"]
[WhiteFideId "642908"]
[BlackFideId "932400"]
[EventDate "2022.12.12"]

1. c4 e5 2. Nc3 Bb4 3. Nd5 Be7 4. d4 d6 5. e4 Nf6 6. Nxe7 Qxe7 7. f3 Nh5 8. Ne2
O-O 9. Be3 exd4 10. Qxd4 Nc6 11. Qd2 f5 12. Nc3 Nf6 13. exf5 Re8 14. Kf2 Bxf5
15. Re1 Qf7 16. Kg1 Rad8 17. Bg5 Rxe1 18. Qxe1 h6 19. Bh4 Re8 20. Qd2 Ne5 21. b3
Be6 22. h3 Nh5 23. Be2 Nf4 24. Bg3 Nxe2+ 25. Nxe2 Bf5 26. Nd4 Bg6 27. Kh2 Nd3
28. Rd1 a6 29. Ne2 b5 30. cxb5 axb5 31. Nc1 Nxc1 32. Rxc1 Kh7 33. Rc6 Re7 34.
Qc3 Bf5 35. a4 bxa4 36. bxa4 Bd7 37. Rxc7 Bxa4 38. Rc4 Bd7 39. Bxd6 Re6 40. Bg3
Re3 41. Qd4 Bf5 42. Rc5 Rd3 43. Qe5 Be6 44. Qb2 Rd5 45. Rc6 Qf5 46. Rc7 Rd7 47.
Rc1 Ra7 48. Qd4 Ra2 49. Kg1 Qg5 50. Qe4+ Bf5 51. Qf4 Qxf4 52. Bxf4 Ra7 53. Rc5
Rf7 54. h4 Be6 55. Be3 Rf5 56. Rc6 Bd5 57. Rd6 Bb3 58. Kf2 h5 59. Bg5 Bc4 60.
Rd4 Bb3 61. Bf4 Ba2 62. Kg3 Bb3 63. Re4 Kg6 64. Re7 Rf7 65. Re3 Bc4 66. Rc3 Bd5
67. Be5 Kf5 68. Bf4 Kg6 69. Rc5 Rf5 70. Rb5 Bc4 71. Rb6+ Kh7 72. Be3 Ba2 73. Bd4
Bf7 74. Be3 Bc4 75. Rb7 Rf7 76. Rb4 Bd5 77. Kf2 Be6 78. Bf4 Bd5 79. Ke3 Re7+ 80.
Kd4 Bf7 81. Be5 Rd7+ 82. Ke3 Bg6 83. Rb5 Rf7 84. Rc5 Bf5 85. Bd4 Bg6 86. Bc3 Rf5
87. Rc6 Rf7 88. g4 Re7+ 89. Kf4 Rf7+ 90. Kg3 hxg4 91. Kxg4 Bf5+ 92. Kg3 Bg6 93.
Be5 Kh6 94. Rc3 Rf5 95. Bf4+ Kh7 96. Re3 Bh5 97. Re7 1/2-1/2

[Event "9th Sunway Sitges 2022"]
[Site "Sitges ESP"]
[Date "2022.12.14"]
[Round "3.30"]
[White "Akbas, Umut Ata"]
[Black "Esipenko, Andrey"]
[Result "0-1"]
[WhiteTitle "FM"]
[BlackTitle "GM"]
[WhiteElo "2351"]
[BlackElo "2678"]
[WhiteFideId "44572646"]
[BlackFideId "24175439"]
[EventDate "2022.12.12"]

1. d4 Nf6 2. c4 e6 3. Nf3 b6 4. g3 Ba6 5. Qa4 c5 6. Bg2 Bb7 7. dxc5 bxc5 8. O-O
Be7 9. Nc3 O-O 10. Rd1 Qb6 11. Qb5 Qc7 12. Qb3 a6 13. Na4 d6 14. Qb6 Qc8 15. Bf4
Nbd7 16. Qa5 Ne8 17. Nc3 h6 18. h4 Bc6 19. Ne1 Bxg2 20. Nxg2 f5 21. b3 Bd8 22.
Qa3 Bf6 23. Qc1 Ne5 24. Qd2 Nc6 25. Be3 Be5 26. Rac1 Nf6 27. Bf4 Bxc3 28. Qxc3
e5 29. Bd2 Nd4 30. Re1 Ne4 31. Qd3 Nxd2 32. Qxd2 f4 33. gxf4 exf4 34. f3 Qh3 35.
Nxf4 Qg3+ 36. Ng2 Rxf3 37. e3 Raf8 38. Rf1 Rxf1+ 39. Rxf1 Nf3+ 40. Rxf3 Rxf3 41.
Qd5+ Rf7 42. Qa8+ Kh7 43. Qxa6 Rf2 44. Qa8 Rb2 0-1

[Event "9th Sunway Sitges 2022"]
[Site "Sitges ESP"]
[Date "2022.12.14"]
[Round "3.32"]
[White "Korobov, Anton"]
[Black "Meister, Peter"]
[Result "1-0"]
[WhiteTitle "GM"]
[BlackTitle "IM"]
[WhiteElo "2662"]
[BlackElo "2347"]
[WhiteFideId "14105730"]
[BlackFideId "4600207"]
[EventDate "2022.12.12"]

1. d4 e6 2. c4 f5 3. g3 Nf6 4. Bg2 d5 5. Nf3 c6 6. O-O Bd6 7. b3 Qe7 8. Ne5 O-O
9. Bb2 Bd7 10. Nd2 Be8 11. Ndf3 Bh5 12. Nd3 Nbd7 13. Nfe5 Ng4 14. Rc1 Rad8 15.
Qc2 Bb8 16. e3 Ngxe5 17. dxe5 dxc4 18. bxc4 Rfe8 19. c5 g5 20. Bd4 Nf8 21. Nb2
f4 22. Be4 Qg7 23. Nc4 Re7 24. Nd6 Qh6 25. f3 Bg6 26. Rb1 Bxd6 27. exd6 Rf7 28.
gxf4 gxf4 29. Kh1 Re8 30. Be5 fxe3 31. Rg1 Rd8 32. Rg3 Qh5 33. f4 Rdd7 34. Rbg1
e2 35. R3g2 1-0

[Event "9th Sunway Sitges 2022"]
[Site "Sitges ESP"]
[Date "2022.12.14"]
[Round "3.33"]
[White "Mathieu, Phileas"]
[Black "Jones, Gawain C B"]
[Result "1/2-1/2"]
[WhiteTitle "FM"]
[BlackTitle "GM"]
[WhiteElo "2367"]
[BlackElo "2630"]
[WhiteFideId "36048410"]
[BlackFideId "409561"]
[EventDate "2022.12.12"]

1. e4 c5 2. Nf3 Nc6 3. Bb5 g6 4. O-O Bg7 5. c3 e5 6. d4 cxd4 7. cxd4 exd4 8. Bf4
a6 9. Bc4 d6 10. Nbd2 Nf6 11. b4 b5 12. Bd5 Bb7 13. Bxc6+ Bxc6 14. Nxd4 Bb7 15.
a4 O-O 16. axb5 axb5 17. Rxa8 Qxa8 18. Nxb5 Nxe4 19. Nxe4 Bxe4 20. f3 Bd5 21.
Nxd6 Rd8 22. Qc2 Qa3 23. Qd2 Be6 24. Rc1 Bb2 25. Rb1 Bc3 26. Qc1 Bxb4 27. Qxa3
Bxa3 28. Ne4 f5 29. Ng5 Ba2 30. Rb8 Bc5+ 31. Kh1 Rxb8 32. Bxb8 h6 33. Nh3 g5 34.
Bg3 Kf7 35. Bf2 Bd6 36. Bd4 Ke6 37. Bg7 g4 38. fxg4 fxg4 39. Bxh6 gxh3 40. gxh3
Kf5 41. Kg2 Ke4 42. Kf2 Kd3 43. Kf3 Bd5+ 44. Kg4 Ke4 45. Bg7 Bf4 46. Bf6 Be6+
47. Kh4 Kf5 48. Bd8 Bd5 49. Be7 Bd2 50. Bd6 Ba5 51. Bb8 Bc6 52. Bd6 Bd2 53. Bc7
Bb4 54. Bb8 Bf3 55. Bd6 Be1+ 56. Bg3 Bd2 57. Bc7 Ke4 58. Bf4 Be1+ 59. Kg5 Bg2
60. Bc1 Bc3 61. h4 Bh3 62. h5 Bf5 63. h6 Bh7 64. Bf4 Ba5 65. Bd6 Kd5 66. Bb8 Ke4
67. Bd6 Bc3 68. Bb8 Bd4 69. Bc7 Bc5 70. Kf6 Bf8 71. Be5 Bxh6 72. Bb2 Bf4 73. Kg7 1/2-1/2

[Event "9th Sunway Sitges 2022"]
[Site "Sitges ESP"]
[Date "2022.12.14"]
[Round "3.34"]
[White "Petrosyan, Manuel"]
[Black "Dalaud, Dorian"]
[Result "1-0"]
[WhiteTitle "GM"]
[BlackTitle "FM"]
[WhiteElo "2621"]
[BlackElo "2342"]
[WhiteFideId "13300857"]
[BlackFideId "36093270"]
[EventDate "2022.12.12"]

1. d4 Nf6 2. c4 g6 3. Nc3 Bg7 4. e4 d6 5. Be2 O-O 6. Be3 Nc6 7. d5 Ne5 8. f4
Neg4 9. Bd2 Nh6 10. h3 e6 11. dxe6 fxe6 12. g4 b5 13. cxb5 Bb7 14. Qc2 d5 15.
O-O-O dxe4 16. Bc4 Nd5 17. Nxe4 c6 18. b6 axb6 19. Kb1 Qe7 20. Nf3 Kh8 21. Rhe1
Nxf4 22. Neg5 b5 23. Bxe6 c5 24. Bxf4 Rxf4 25. Rd7 Qxd7 26. Bxd7 Bxf3 27. Nxf3 1-0

[Event "9th Sunway Sitges 2022"]
[Site "Sitges ESP"]
[Date "2022.12.14"]
[Round "3.35"]
[White "Safarli, Eltaj"]
[Black "Bhambure, Shantanu"]
[Result "1-0"]
[WhiteTitle "GM"]
[BlackTitle "FM"]
[WhiteElo "2616"]
[BlackElo "2306"]
[WhiteFideId "13402129"]
[BlackFideId "5025931"]
[EventDate "2022.12.12"]

1. e4 c6 2. d4 d5 3. exd5 cxd5 4. c4 Nf6 5. Nc3 g6 6. cxd5 Nxd5 7. Bc4 Nb6 8.
Bb3 Bg7 9. Nf3 Nc6 10. d5 Na5 11. O-O O-O 12. Re1 Bg4 13. h3 Bxf3 14. Qxf3 Nxb3
15. axb3 Rc8 16. Rd1 Qd6 17. Ne4 Qe5 18. d6 f5 19. Nc3 exd6 20. Qxb7 Rfe8 21.
Qf3 Rcd8 22. Be3 Qe6 23. Nb5 Qxb3 24. Nxd6 Re6 25. Nxf5 Rf8 26. Rxa7 Rxe3 27.
Rxg7+ Kh8 28. fxe3 Rxf5 29. Rb7 Qg8 30. Qe4 1-0

[Event "9th Sunway Sitges 2022"]
[Site "Sitges ESP"]
[Date "2022.12.14"]
[Round "3.36"]
[White "Tin, Jingyao"]
[Black "Sidhant, Mohapatra"]
[Result "1/2-1/2"]
[WhiteTitle "GM"]
[BlackTitle "IM"]
[WhiteElo "2562"]
[BlackElo "2337"]
[WhiteFideId "5804418"]
[BlackFideId "5028698"]
[EventDate "2022.12.12"]

1. c4 e6 2. Nc3 d5 3. d4 c5 4. cxd5 exd5 5. Be3 Nc6 6. Nf3 c4 7. g3 Nf6 8. Bg2
Bb4 9. O-O h6 10. Ne5 O-O 11. Qa4 Bxc3 12. Nxc6 Qe8 13. bxc3 Bf5 14. Bf4 Qxc6
15. Qxc6 bxc6 16. f3 Rfe8 17. Rae1 g5 18. Be5 Nd7 19. Bc7 Re3 20. Ba5 Rae8 21.
Rf2 Nb6 22. Kf1 Na4 23. Rc1 Rb8 24. Ke1 Rb2 25. a3 f6 26. g4 Bd3 27. Bf1 Kf7 28.
Rg2 Bg6 29. Bb4 h5 30. Kf2 Rd3 31. gxh5 Bxh5 32. Kg3 Rdd2 33. e4 Rxg2+ 34. Bxg2
Re2 35. Ba5 Nb2 36. Rb1 Bg6 37. Bf1 Rd2 38. Re1 Rd1 39. Rxd1 Nxd1 1/2-1/2

[Event "9th Sunway Sitges 2022"]
[Site "Sitges ESP"]
[Date "2022.12.14"]
[Round "3.37"]
[White "Arjun, Kalyan"]
[Black "Lim, Zhuo Ren"]
[Result "1-0"]
[WhiteTitle "GM"]
[BlackTitle "FM"]
[WhiteElo "2505"]
[BlackElo "2305"]
[WhiteFideId "35018701"]
[BlackFideId "5702488"]
[EventDate "2022.12.12"]

1. e4 c5 2. Nf3 Nc6 3. d4 cxd4 4. Nxd4 Nf6 5. Nc3 e5 6. Ndb5 d6 7. Nd5 Nxd5 8.
exd5 Nb8 9. b4 Be7 10. a4 O-O 11. a5 Nd7 12. Be2 f5 13. O-O a6 14. Na3 e4 15.
Nc4 Ne5 16. Nb6 Rb8 17. f4 exf3 18. Bxf3 Bf6 19. Ra3 g5 20. c4 Nxf3+ 21. Raxf3
f4 22. R3f2 Qe7 23. Bb2 Bxb2 24. Rxb2 Qe3+ 25. Rbf2 Re8 26. c5 Bf5 27. Nc4 Qc3
28. Nxd6 Bd3 29. Nxe8 Rxe8 30. Qd2 Qxd2 31. Rxd2 Bxf1 32. Kxf1 Kf7 33. Re2 1-0

[Event "9th Sunway Sitges 2022"]
[Site "Sitges ESP"]
[Date "2022.12.14"]
[Round "3.38"]
[White "Pogorelov, Ruslan"]
[Black "Sankalp, Gupta"]
[Result "0-1"]
[WhiteTitle "GM"]
[BlackTitle "GM"]
[WhiteElo "2288"]
[BlackElo "2485"]
[WhiteFideId "14100363"]
[BlackFideId "5097010"]
[EventDate "2022.12.12"]

1. Nf3 Nf6 2. c4 g6 3. Nc3 Bg7 4. e4 d6 5. Be2 e5 6. O-O O-O 7. d4 Nc6 8. d5 Ne7
9. Bg5 Ne8 10. Qd2 f6 11. Bh6 g5 12. Bxg7 Nxg7 13. b4 Ng6 14. Rfc1 g4 15. Ne1 f5
16. exf5 Bxf5 17. c5 Qh4 18. g3 Qh5 19. Ng2 Rf7 20. h4 h6 21. Qd1 Raf8 22. Ne3
Nxh4 23. gxh4 Qxh4 24. Ng2 Qh3 25. Bf1 Bh7 26. Qe1 Rxf2 27. Qxf2 g3 28. Qxf8+
Kxf8 29. Bc4 Qh2+ 30. Kf1 Qh1+ 31. Ke2 Qxg2+ 32. Kd1 Nf5 33. Ne2 Ne3+ 34. Kd2
Nxc4+ 0-1

[Event "9th Sunway Sitges 2022"]
[Site "Sitges ESP"]
[Date "2022.12.14"]
[Round "3.39"]
[White "Clarke, Brandon G I"]
[Black "Torngren, Gustav"]
[Result "1-0"]
[WhiteTitle "IM"]
[BlackTitle "FM"]
[WhiteElo "2484"]
[BlackElo "2275"]
[WhiteFideId "400319"]
[BlackFideId "1728970"]
[EventDate "2022.12.12"]

1. e4 c5 2. Nf3 d6 3. d4 cxd4 4. Nxd4 Nf6 5. Nc3 a6 6. Be3 Ng4 7. Bc1 Nf6 8. f3
e6 9. Be3 b5 10. Qd2 Bb7 11. g4 Nfd7 12. g5 Nb6 13. a4 b4 14. Na2 a5 15. Bb5+
N8d7 16. c3 d5 17. cxb4 e5 18. Nf5 g6 19. Bxb6 Qxb6 20. Ne3 Rd8 21. bxa5 Qa7 22.
a6 Ba8 23. O-O-O Bc5 24. Nxd5 Bxd5 25. Qxd5 Bd4 26. Qd6 Qb6 27. Qxb6 Bxb6 28.
Nb4 1-0

[Event "9th Sunway Sitges 2022"]
[Site "Sitges ESP"]
[Date "2022.12.14"]
[Round "3.40"]
[White "Blasco Coll, Andreu"]
[Black "Aditya, Mittal"]
[Result "0-1"]
[WhiteTitle "CM"]
[BlackTitle "IM"]
[WhiteElo "2294"]
[BlackElo "2479"]
[WhiteFideId "22272836"]
[BlackFideId "35042025"]
[EventDate "2022.12.12"]

1. d4 Nf6 2. c4 e6 3. Nf3 d5 4. Nc3 c6 5. e3 Nbd7 6. Be2 Bd6 7. O-O O-O 8. b3 b6
9. Bb2 Bb7 10. Bd3 c5 11. cxd5 exd5 12. Ne2 Re8 13. Ng3 g6 14. dxc5 bxc5 15. Bb5
Qb6 16. Ba4 Rad8 17. b4 cxb4 18. Nd4 Bf8 19. f4 Bg7 20. Ndf5 gxf5 21. Nxf5 Bh8
22. Bxd7 Rxd7 23. Qf3 Qe6 24. Qg3+ Kf8 25. Qh3 h5 26. Rac1 Ba6 27. Rfe1 Bd3 28.
g4 Nxg4 0-1

[Event "9th Sunway Sitges 2022"]
[Site "Sitges ESP"]
[Date "2022.12.14"]
[Round "3.41"]
[White "Castellanos Gomez, Alejandro"]
[Black "Sousa, Andre Ventura"]
[Result "0-1"]
[WhiteTitle "FM"]
[BlackTitle "IM"]
[WhiteElo "2277"]
[BlackElo "2466"]
[WhiteFideId "22284141"]
[BlackFideId "1917617"]
[EventDate "2022.12.12"]

1. d4 Nf6 2. c4 e6 3. Nf3 d5 4. Nc3 Bb4 5. Qa4+ Nc6 6. e3 O-O 7. Qc2 Re8 8. Bd2
Bf8 9. a3 h6 10. Be2 dxc4 11. Bxc4 e5 12. dxe5 Nxe5 13. Nxe5 Rxe5 14. O-O-O Qe8
15. Bd3 b5 16. f4 Rc5 17. e4 a5 18. Be3 Rc6 19. Bxb5 Rxc3 20. Bxe8 Rxc2+ 21.
Kxc2 Nxe8 22. Rhe1 Nd6 23. Bc5 a4 24. Kb1 Bg4 25. Rd4 Be6 26. Rb4 Ra5 27. Rc1
Ne8 28. Bxf8 Kxf8 29. Re1 Ke7 30. f5 Bd7 31. g4 Re5 32. Rc1 Bb5 33. Rc3 Kd7 34.
Re3 Nd6 35. Rd4 Bc6 36. Kc1 Kc8 37. Kd2 Nxe4+ 38. Kd3 Bb5+ 39. Kc2 Bc6 40. Rc4
Kd7 41. Rd4+ Ke7 42. Rc4 Kd6 43. Rd4+ Kc5 44. Rd8 Bd5 45. h3 Bb3+ 46. Kd3 Bc4+
47. Kc2 Rd5 48. Rxd5+ Kxd5 49. Re1 Ke5 50. Rc1 c5 51. Kd1 Nf2+ 52. Kd2 Kd4 53.
Re1 Nxh3 54. Re8 Nf2 55. Rg8 Nxg4 56. Rxg7 h5 57. Rg8 Nf6 58. Rd8+ Bd5 59. Ke2
Ne4 60. Kf3 Ke5 61. Ke3 Nd6 62. f6 Nc4+ 63. Kf2 Nxb2 0-1

[Event "9th Sunway Sitges 2022"]
[Site "Sitges ESP"]
[Date "2022.12.14"]
[Round "3.42"]
[White "Woodward, Andy"]
[Black "Yordanov, Lachezar"]
[Result "1-0"]
[WhiteTitle "IM"]
[BlackTitle "FM"]
[WhiteElo "2457"]
[BlackElo "2294"]
[WhiteFideId "30953499"]
[BlackFideId "2918927"]
[EventDate "2022.12.12"]

1. d4 Nf6 2. c4 e6 3. g3 d5 4. Nf3 Be7 5. Bg2 O-O 6. Qc2 c6 7. O-O a5 8. Rd1 Na6
9. Nc3 b6 10. Ne5 Bb7 11. e4 Rc8 12. Qe2 dxc4 13. Nxc4 b5 14. Ne5 Nd7 15. Nxd7
Qxd7 16. d5 b4 17. Na4 Bd8 18. b3 cxd5 19. Bb2 Nc5 20. exd5 exd5 21. Nxc5 Rxc5
22. Qd2 Qg4 23. Bd4 Rc8 24. Qd3 Qd7 25. h4 Rc6 26. a3 bxa3 27. Rxa3 h6 28. Be3
Rf6 29. Bd4 Rc6 30. Be3 Rf6 31. Ra2 Re8 32. Kh2 Bc7 33. Bd4 Ra6 34. b4 Qe7 35.
bxa5 Rxa5 36. Rxa5 Bxa5 37. Qb5 Ra8 38. Rb1 Bc8 39. Qc6 Bc7 40. Qxa8 Qxh4+ 41.
Kg1 1-0

[Event "9th Sunway Sitges 2022"]
[Site "Sitges ESP"]
[Date "2022.12.14"]
[Round "3.43"]
[White "Kaasen, Tor Fredrik"]
[Black "Benmesbah, Natacha"]
[Result "1-0"]
[WhiteTitle "IM"]
[BlackTitle "WIM"]
[WhiteElo "2452"]
[BlackElo "2268"]
[WhiteFideId "1516647"]
[BlackFideId "642002"]
[EventDate "2022.12.12"]

1. d4 d6 2. Nf3 Nf6 3. c4 g6 4. Nc3 Bf5 5. d5 Bg7 6. Nd4 Bd7 7. e4 c5 8. Nc2 O-O
9. Be2 e6 10. O-O exd5 11. exd5 a6 12. Bf4 Ne8 13. a4 f5 14. Qd2 Bc8 15. Bg5 Qc7
16. Rfe1 Nf6 17. Bf1 Nbd7 18. f4 Rf7 19. a5 Nf8 20. Bd3 Bd7 21. Bh4 Re8 22. Rxe8
Bxe8 23. h3 Re7 24. Ne1 Bd7 25. Nf3 Re8 26. Qc2 Nh5 27. Ne2 b6 28. axb6 Qxb6 29.
Be1 Bc8 30. Ra2 Nd7 31. g3 Ndf6 32. Nc3 Ne4 33. Nxe4 fxe4 34. Bxe4 Nf6 35. Bd3
Bxh3 36. Bf2 Ng4 37. Qa4 Qd8 38. b3 Nxf2 39. Kxf2 Bg4 40. Qxa6 Bxf3 41. Kxf3 Bd4
42. Kg2 Re3 43. Qb7 Qe7 44. Qa8+ Qe8 45. Qxe8+ Rxe8 46. Be2 Bg7 47. Bg4 Rb8 48.
Be6+ Kh8 49. g4 h6 50. Ra3 g5 51. fxg5 hxg5 52. b4 Bb2 53. Rh3+ Kg7 54. b5 Rb6
55. Rf3 Bf6 56. Kf1 Rb7 57. Ra3 Be7 58. Ra8 Kf6 59. Ke2 Ke5 60. Ke3 Bf6 61. Bf5
Be7 62. Kd3 Kf4 63. Re8 Bf6 64. Rf8 Bg7 65. Rd8 Ke5 66. Rg8 Bf6 67. Kc2 Re7 68.
Be6 Rh7 69. Rf8 Rg7 70. Bf5 Rb7 71. Kb3 Be7 72. Rf7 Kd4 73. Bc8 Rb8 74. Rxe7
Rxc8 75. b6 Rb8 76. b7 Kd3 77. Rg7 Kd4 78. Ka4 Kxc4 79. Ka5 Kxd5 80. Kb6 Ke5 81.
Rxg5+ Kf4 82. Rd5 Kxg4 83. Rxd6 Kf4 84. Rc6 1-0

[Event "9th Sunway Sitges 2022"]
[Site "Sitges ESP"]
[Date "2022.12.14"]
[Round "3.44"]
[White "Romero Calduch, Sergio"]
[Black "Narciso Dublan, Marc"]
[Result "1/2-1/2"]
[BlackTitle "GM"]
[WhiteElo "2258"]
[BlackElo "2448"]
[WhiteFideId "2246848"]
[BlackFideId "2201500"]
[EventDate "2022.12.12"]

1. d4 d5 2. c4 e6 3. Nc3 Nf6 4. Bg5 Be7 5. e3 O-O 6. cxd5 Nxd5 7. Bxe7 Qxe7 8.
Nf3 Nxc3 9. bxc3 c5 10. Be2 Nc6 11. O-O Rd8 12. Qa4 cxd4 13. cxd4 Bd7 14. Rab1
Be8 15. Qb3 Rd7 16. Qb2 Rc8 17. Rfc1 Rdc7 18. h3 h6 19. Rc5 b6 20. Rcc1 Nb8 21.
Ne5 Nd7 22. Nd3 Nf6 23. Ne5 Ba4 24. Rxc7 Rxc7 25. Rc1 Nd5 26. Bf3 Qb4 27. Qa1
Rxc1+ 28. Qxc1 Qc3 29. Qf1 Nc7 30. Qb1 f6 31. Ng6 Bc2 32. Qc1 Nb5 33. Nf4 Be4
34. Qf1 Nd6 35. Bxe4 Nxe4 36. Nxe6 Qd2 37. a3 g5 38. Nc7 Kg7 39. Ne6+ Kg6 40.
Nc7 h5 41. Nd5 h4 42. f4 Nc3 43. Nxc3 Qxe3+ 44. Kh1 Qxc3 45. fxg5 Kxg5 46. Qd1
Qxa3 47. Qg4+ Kh6 48. Qxh4+ Kg6 49. Qe4+ Kf7 50. Qh7+ Ke6 51. Qg8+ Kd7 52. Qd5+
Qd6 53. Qb7+ Qc7 54. Qd5+ Ke7 55. Qe4+ Kf8 56. h4 b5 57. h5 b4 58. d5 a5 59. Qg6
Qe5 60. h6 Qe1+ 61. Kh2 Qh4+ 62. Kg1 Qe1+ 63. Kh2 1/2-1/2

[Event "9th Sunway Sitges 2022"]
[Site "Sitges ESP"]
[Date "2022.12.14"]
[Round "3.45"]
[White "Bulmaga, Irina"]
[Black "Ruiz Buendia, Miguel"]
[Result "1-0"]
[WhiteTitle "IM"]
[BlackTitle "FM"]
[WhiteElo "2432"]
[BlackElo "2257"]
[WhiteFideId "13903063"]
[BlackFideId "24537675"]
[EventDate "2022.12.12"]

1. e4 c5 2. Nf3 d6 3. d4 cxd4 4. Nxd4 Nf6 5. Nc3 a6 6. Bg5 e6 7. f4 Nbd7 8. Qe2
h6 9. Bh4 e5 10. fxe5 dxe5 11. O-O-O exd4 12. e5 Be7 13. exf6 Nxf6 14. Bxf6 gxf6
15. Qe4 f5 16. Qe5 O-O 17. Nd5 Bg5+ 18. Kb1 Re8 19. Qxd4 Re4 20. Qf2 Be6 21. c4
Rf4 22. Qc2 Bxd5 23. Rxd5 Qb6 24. c5 Qb4 25. Bd3 Re8 26. a3 Qa5 27. Ka2 Re3 28.
Rd7 Re7 29. Rxe7 Bxe7 30. Rc1 Qd8 31. Qb3 Rf2 32. Bxa6 Qd2 33. Rd1 Qg5 34. Bxb7
Bxc5 35. Rd7 Be7 36. Bd5 Kh7 37. Bxf7 Rxg2 38. Be6 Re2 39. Qd5 Kg7 40. Qd6 Kf8
41. Qb8+ Kg7 42. Qg8+ Kf6 43. Qf7+ Ke5 44. Rd5+ Ke4 45. Bxf5+ Ke3 46. Rd3+ Kf4
47. Bg4+ 1-0

[Event "9th Sunway Sitges 2022"]
[Site "Sitges ESP"]
[Date "2022.12.14"]
[Round "3.46"]
[White "Sammed Jaykumar, Shete"]
[Black "Rakshitta, Ravi"]
[Result "1-0"]
[WhiteTitle "IM"]
[BlackTitle "WIM"]
[WhiteElo "2430"]
[BlackElo "2242"]
[WhiteFideId "5073421"]
[BlackFideId "25073230"]
[EventDate "2022.12.12"]

1. d4 Nf6 2. Nc3 d5 3. Bf4 a6 4. e3 c5 5. dxc5 Nc6 6. Nf3 e6 7. Na4 Ne4 8. Nb6
Ra7 9. Nxc8 Qxc8 10. c4 Bxc5 11. a3 dxc4 12. Bxc4 O-O 13. Qc2 Nf6 14. O-O Be7
15. Bd3 h6 16. Rac1 Nh5 17. Bh7+ Kh8 18. Be4 Nxf4 19. exf4 Bf6 20. Ne5 Bxe5 21.
fxe5 Qb8 22. f4 Ra8 23. Qc5 Rd8 24. Qb6 Rd7 25. Bxc6 bxc6 26. Qxc6 Qa7+ 27. Kh1
Rad8 28. h3 Rd2 29. b4 Qd4 30. Qb7 Qe3 31. Rc8 Rxc8 32. Qxc8+ Kh7 33. Qb7 Qxa3
34. Qxf7 Qg3 35. Rg1 Rf2 36. Qxe6 Qxf4 37. Qxa6 Qxb4 38. Qd3+ Kh8 39. e6 Qd2 40.
Qb1 Re2 41. Rc1 Qd8 42. Qg6 Rd2 43. Qg4 Qf6 44. Re1 Qf2 45. Qe4 Rd4 46. e7 Rxe4
47. Rxe4 1-0

[Event "9th Sunway Sitges 2022"]
[Site "Sitges ESP"]
[Date "2022.12.14"]
[Round "3.47"]
[White "Prraneeth, Vuppala"]
[Black "Lye, Lik Zang"]
[Result "1-0"]
[WhiteTitle "IM"]
[BlackTitle "FM"]
[WhiteElo "2427"]
[BlackElo "2241"]
[WhiteFideId "46622373"]
[BlackFideId "5712181"]
[EventDate "2022.12.12"]

1. e4 c5 2. Nf3 d6 3. d4 cxd4 4. Nxd4 Nf6 5. Nc3 Nc6 6. Bg5 Bd7 7. Nxc6 Bxc6 8.
Bxf6 gxf6 9. Bb5 Bxb5 10. Nxb5 Qa5+ 11. Nc3 f5 12. Qh5 Bg7 13. O-O Bxc3 14. bxc3
Qxc3 15. exf5 Qf6 16. Rab1 b6 17. Rfe1 Rc8 18. Re6 Qd4 19. f6 Rxc2 20. Qb5+ Kd8
21. fxe7+ Kc7 22. Re3 Qf4 23. Rf1 1-0

[Event "9th Sunway Sitges 2022"]
[Site "Sitges ESP"]
[Date "2022.12.14"]
[Round "3.48"]
[White "Arjun, C Krishnamachari"]
[Black "Baenziger, Fabian"]
[Result "1/2-1/2"]
[BlackTitle "IM"]
[WhiteElo "2241"]
[BlackElo "2426"]
[WhiteFideId "46653252"]
[BlackFideId "1330110"]
[EventDate "2022.12.12"]

1. e4 c5 2. c3 Nf6 3. e5 Nd5 4. d4 cxd4 5. Nf3 e6 6. cxd4 d6 7. Bd3 Bd7 8. O-O
Bc6 9. Nc3 Nxc3 10. bxc3 Nd7 11. Bf4 dxe5 12. Nxe5 Nxe5 13. Bxe5 Bd6 14. f4 O-O
15. Bxh7+ Kxh7 16. Qh5+ Kg8 17. Bxg7 Kxg7 18. Qg4+ Kh7 19. Qh5+ Kg7 20. Qg4+ Kh7
21. Qh5+ Kg7 1/2-1/2

[Event "9th Sunway Sitges 2022"]
[Site "Sitges ESP"]
[Date "2022.12.14"]
[Round "3.49"]
[White "Sai Agni Jeevitesh, J"]
[Black "Saydaliev, Saidakbar"]
[Result "1/2-1/2"]
[WhiteTitle "IM"]
[BlackTitle "FM"]
[WhiteElo "2226"]
[BlackElo "2419"]
[WhiteFideId "5070147"]
[BlackFideId "14203693"]
[EventDate "2022.12.12"]

1. d4 Nf6 2. Bg5 d5 3. Bxf6 exf6 4. e3 Bd6 5. Nd2 c6 6. Bd3 Be6 7. c4 dxc4 8.
Bxc4 Bxc4 9. Nxc4 Bb4+ 10. Ke2 Be7 11. Qb3 b5 12. Nd2 Nd7 13. Ngf3 a6 14. a4 O-O
15. Rhc1 Qb6 16. axb5 axb5 17. Ne4 Rxa1 18. Rxa1 f5 19. Ned2 g6 20. Qa2 Rb8 21.
Qa7 Rb7 22. Qxb6 Nxb6 23. Ne5 c5 24. Ra5 Na4 25. dxc5 Nxc5 26. Nc6 Bf6 27. Nd4
Kg7 28. b3 Bxd4 29. exd4 Ne6 30. Kd3 Nf4+ 31. Ke3 Nxg2+ 32. Kd3 Nf4+ 33. Ke3
Ng2+ 34. Kd3 Nf4+ 35. Ke3 1/2-1/2

[Event "9th Sunway Sitges 2022"]
[Site "Sitges ESP"]
[Date "2022.12.14"]
[Round "3.50"]
[White "Uber Gracia, Hugo"]
[Black "Willow, Jonah B"]
[Result "0-1"]
[BlackTitle "IM"]
[WhiteElo "1931"]
[BlackElo "2409"]
[WhiteFideId "54720079"]
[BlackFideId "438804"]
[EventDate "2022.12.12"]

1. Nf3 d5 2. b3 Bg4 3. g3 Nd7 4. Bb2 e5 5. h3 Bxf3 6. exf3 Ngf6 7. Bg2 Bd6 8.
O-O c5 9. d3 O-O 10. c4 d4 11. Nd2 Bc7 12. Ne4 Ne8 13. Ba3 Qe7 14. Re1 f5 15.
Nd2 f4 16. Ne4 Ba5 17. Re2 Nef6 18. Bc1 Nxe4 19. Rxe4 Nf6 20. Re2 Qd6 21. g4 Nd7
22. Bd2 Bxd2 23. Qxd2 Rf6 24. a3 a5 25. a4 Qc7 26. Rb1 Nf8 27. Qe1 Re8 28. Re4
Ng6 29. Rb2 Nh8 30. Rbe2 Nf7 31. Kh2 Rh6 32. Kg1 Rf8 33. Rb2 Qc6 34. Kh2 Ng5 35.
Rbe2 Rxh3+ 36. Kg1 Nxf3+ 37. Bxf3 Rxf3 38. Rxe5 Rh3 39. R2e4 Qh6 40. Rh5 Rxh5
41. gxh5 Qg5+ 42. Kh2 Qxh5+ 43. Kg1 f3 44. Qxa5 Qh3 0-1